|
|
|
แสดงรายละเอียดบรรณานุกรม |
|
|
Brief Record
: Get Marc (ISO 2709)
: E-mail record
: |
|
|
DELETE FROM stat_globaluid WHERE id NOT IN ( SELECT id FROM ( SELECT id FROM stat_globaluid ORDER BY id DESC LIMIT 100 ) foo );mysqli: Duplicate entry '20140737158617' for key 'PRIMARY'
insert into stat_globaluid set statuid='20260629180915_3617', dt='1782731355', phpself='/ulib/dublinfull.php', agent='Mozilla/5.0 AppleWebKit/537.36 (KHTML, like Gecko; compatible; ClaudeBot/1.0; +claudebot@anthropic.com)', yea='2026', mon='6', dat='29', ip='61.19.32.209'
| LEADER 01174nam 2200277 a 4500 | |||
| 001 35437 | |||
| 003 ULIBM | |||
| 008 030417s2004 caua sb 001 0 eng | |||
| 020 ^a974-601-826-4 | |||
| 082 ^a540^bว-ส | |||
| 100 ^aวีระชาติ สวนไพรินทร์ | |||
| 245 ^aสรุปเคมีรวม ม.4-5-6/^cวีระชาติ สวนไพรินทร์ | |||
| 260 ^aกรุงเทพฯ:^bดอกหญ้า,^c2541 | |||
| 300 ^a381 หน้า | |||
| 650 ^aเคมี | |||
| 913 ^aImported by ULIBM Administrator | |||
| 949 ^aImport form external file by ULIBM system | |||
| คุณยังไม่ได้ล็อกอิน คุณสามารถมีกิจกรรมร่วมกับเว็บไซต์ได้ แต่ต้องล็อกอินก่อน :: |
|
| สถานะ | |||||||||
| 1. | หนังสือ | 540 ว-ส 2004 Barcode: 061571 | ►หนังสือทั่วไป | On Shelf ขอยืม | |||||
| 2. | หนังสือ | 540 ว-ส 2004 Barcode: 061572 | ►หนังสือทั่วไป | On Shelf ขอยืม | |||||
| 3. | หนังสือ | 540 ว-ส 2004 Barcode: 061573 | ►หนังสือทั่วไป | On Shelf ขอยืม | |||||
| 4. | หนังสือ | 540 ว-ส 2004 Barcode: 061574 | ►หนังสือทั่วไป | On Shelf ขอยืม | |||||
| [แสดง 5/5 รายการ] | |||||||||

| รายการใกล้เคียง ผู้แต่ง [วีระชาติ สวนไพรินทร์]
หัวเรื่อง [เคมี]
|
BibComment |
| คอมเมนท์ทรัพยากรรายการนี้ |
|
|
ห้องสมุดโรงเรียนสามัคคีวิทยาคม
159 ถ.บรรพปราการ ต.เวียง อ.เมือง จ.เชียงราย 57000
โทร. 053-711018 โทรสาร 053-713003